Rossijskije učenyje-gumanitarii v mežvojennoj Čechoslovakii sbornik statej

Bibliographic Details
Corporate Author: Rossijskije učenyje-gumanitarii v mežvojennoj Čechoslovakii Moskva, Rusko (Author)
Format: Conference Proceeding Book
Language:Russian
Published: Moskva Institut slavjanovedenija RAN 2008
Subjects:

MARC

LEADER 00000cam a2200000 4500
001 vtls011765185
003 SK-MaSNL
005 20260311133722.0
008 200316s2008 ru frn 000 0 rus
015 |a SNBZSA2018/08 
020 |a 9785757602189  |q (brožované) 
035 |a urn:nbn:sk:snk-am00dhw2 
035 |a urn:nbn:sk:snk-am3i2tm 
035 |a B9427352-4065-4507-9D34-5AC89E464C65 
040 |a SNK  |b slo  |c SNK  |e rda 
041 0 |a rus 
043 |a e-cs--- 
044 |a ru  |c RU 
072 7 |a 94(437)  |x Dejiny Československa  |2 konspekt 
080 |a 94(100)"1939/1945"  |2 2011 
080 |a 341.232  |2 2011 
080 |a 001-026.12  |2 2011 
080 |a (437)  |2 2011 
080 |a (062.534)  |2 2011 
111 2 |a Rossijskije učenyje-gumanitarii v mežvojennoj Čechoslovakii  |d (2005 :  |c Moskva, Rusko)  |4 aut  |9 558474 
245 1 0 |a Rossijskije učenyje-gumanitarii v mežvojennoj Čechoslovakii  |b sbornik statej  |c otvetstvennyj redaktor: M. Ju. Dostal' 
264 1 |a Moskva  |b Institut slavjanovedenija RAN  |c 2008 
300 |a 269 strán  |c 20 cm 
336 |a text  |b txt  |2 rdacontent 
337 |a bez média  |b n  |2 rdamedia 
338 |a zväzok  |b nc  |2 rdacarrier 
500 |a Materiály z konferencie, konanej v Moskve 21-22 júna 2005 
504 |a Obsahuje bibliografiu 
650 0 7 |a druhá svetová vojna (1939-1945)  |2 SNKPH  |9 169657 
650 0 7 |a humanitárna pomoc  |2 SNKPH  |9 4224 
650 0 7 |a vedecká činnosť  |2 SNKPH  |9 66912 
650 0 7 |a World War (1939-1945)  |2 SNKPHeng  |9 284172 
650 0 7 |a Humanitarian assistance  |2 SNKPHeng  |9 295132 
650 0 7 |a Scientific activities  |2 SNKPHeng  |9 268515 
651 7 |a Československo  |2 SNKPHgeo  |9 21376 
651 7 |a Czechoslovakia  |2 SNKPHeng  |9 265183 
655 7 |a zborníky konferencií  |2 SNKPH  |9 70153 
655 7 |a Proceedings of conferences  |2 SNKPHeng  |9 265791 
700 1 |a Dostal', M. Ju.  |q (Marina Ur'jevna)  |4 lso  |9 558475 
919 |a 978-5-7576-0218-9 
958 |a ZS 
958 |a CZ 
958 |a NB 
999 |c 856621  |d 858551 
952 |a SNK  |b SNK  |y PREZ  |7 0  |p 17A1334040  |o snkSD 87495  |i snk2018/15793  |8 4  |g 9.67  |0 0  |1 0  |4 0  |d 2018-07-03  |f 1  |l 0  |r 2026-02-24 04:59:37  |w 2026-02-24